000
00309nam a22001337a 4500
008
170608b xxu||||| |||| 00| 0 eng d
020
_a
9781572300484
041
_a
eng
080
_a
32
100
_a
18
101
_a
SHP
245
_a
POLITICAL GEOGRAPHY OF UNITED STATES
_c
SHELLEY.F.M
942
_2
udc
_c
BK
999
_c
16578
_d
16578